[Event "Olympiad-35"]
[Site "Bled"]
[Date "2002.10.28"]
[Round "3.1"]
[White "Radjabov, Teimour"]
[Black "Estrada Nieto, Julian"]
[Result "1-0"]
[WhiteElo "2628"]
[BlackElo "2345"]
[PlyCount "69"]
[EventDate "2002.10.26"]
[EventType "team-swiss"]
[EventRounds "14"]
[EventCountry "SLO"]
[SourceTitle "EXT 2003"]
[Source "ChessBase"]
[SourceDate "2002.11.25"]
[SourceVersion "1"]
[SourceVersionDate "2002.11.25"]
[SourceQuality "1"]
[WhiteTeam "Azerbaijan"]
[BlackTeam "Mexico"]
[WhiteTeamCountry "AZE"]
[BlackTeamCountry "MEX"]

1. d4 d5 2. c4 dxc4 3. e4 e5 4. Nf3 exd4 5. Bxc4 Nc6 6. O-O a6 7. Bd5 Nb4 8.
Qxd4 Nxd5 9. exd5 Nf6 10. Bg5 Be7 11. Bxf6 Bxf6 12. Re1+ Kf8 13. Ne5 Qd6 14.
Nc3 Bf5 15. f4 h5 16. Rad1 g6 17. h3 h4 18. Qf2 Kg7 19. Nc4 Qb4 20. Ne3 Rae8
21. d6 cxd6 22. Ncd5 Qxb2 23. Re2 Qa3 24. Nxf6 Kxf6 25. Nd5+ Kg7 26. Qd4+ Kh6
27. Qf6 Rhf8 28. Qxh4+ Kg7 29. Qf6+ Kg8 30. Ne7+ Kh7 31. Kh2 Bd7 32. Rxd6 Bb5
33. Qh4+ Kg7 34. Nf5+ Kg8 35. Qf6 1-0

[Event "Olympiad-35"]
[Site "Bled"]
[Date "2002.10.30"]
[Round "5.1"]
[White "Ye, Jiangchuan"]
[Black "Radjabov, Teimour"]
[Result "1-0"]
[WhiteElo "2667"]
[BlackElo "2628"]
[PlyCount "159"]
[EventDate "2002.10.26"]
[EventType "team-swiss"]
[EventRounds "14"]
[EventCountry "SLO"]
[SourceTitle "EXT 2003"]
[Source "ChessBase"]
[SourceDate "2002.11.25"]
[SourceVersion "1"]
[SourceVersionDate "2002.11.25"]
[SourceQuality "1"]
[WhiteTeam "China"]
[BlackTeam "Azerbaijan"]
[WhiteTeamCountry "CHN"]
[BlackTeamCountry "AZE"]

1. e4 c5 2. Nf3 Nc6 3. Bb5 d6 4. O-O Bd7 5. Re1 Nf6 6. c3 a6 7. Bf1 e5 8. h3
Be7 9. d4 Qc7 10. d5 Nd8 11. a4 O-O 12. Na3 b6 13. b4 Nb7 14. Bd2 g6 15. b5 a5
16. Nc4 Nh5 17. Nh2 Nd8 18. Be2 Ng7 19. f4 f6 20. fxe5 fxe5 21. Bg4 Be8 22. Be3
h5 23. Be2 Nf7 24. Qd2 Bd7 25. Rf1 Rae8 26. Kh1 Qd8 27. Nf3 Kh7 28. Rf2 g5 29.
Raf1 Kg6 30. Nh2 Bc8 31. g4 h4 32. Bd3 Bd7 33. Qc1 Bc8 34. Bd2 Bd7 35. Ne3 Qc7
36. Nf3 Bd8 37. Nf5 Nxf5 38. gxf5+ Kh7 39. Nxg5+ Nxg5 40. Bxg5 Rg8 41. Rg1 Ref8
42. Rfg2 Be8 43. Qe1 Bxg5 44. Rxg5 Rxg5 45. Rxg5 Rf6 46. Qxh4+ Rh6 47. Qg4 Qe7
48. Be2 Qf6 49. Kg2 Qf8 50. h4 Rf6 51. Qg3 Rh6 52. Bg4 Qf6 53. Qf2 Bf7 54. Bf3
Be8 55. Qg3 Qf8 56. Kh3 Kh8 57. c4 Kh7 58. Qf2 Qf6 59. Rg1 Kh8 60. Qg3 Bf7 61.
Qg4 Kh7 62. Rg3 Kh8 63. Qg5 Qxg5 64. Rxg5 Be8 65. Bg4 Kh7 66. Kg3 Bf7 67. Be2
Be8 68. h5 Rf6 69. Kh4 Rf8 70. Rg1 Kh6 71. Rg2 Kh7 72. Rf2 Kh6 73. f6 Bf7 74.
Bg4 Bg8 75. Be6 Bh7 76. f7 Bxe4 77. Rf6+ Kg7 78. Kg5 Bd3 79. h6+ Kh8 80. Bf5
1-0

[Event "Olympiad-35"]
[Site "Bled"]
[Date "2002.10.31"]
[Round "6.1"]
[White "Radjabov, Teimour"]
[Black "Braga, Fernando Alberto"]
[Result "1-0"]
[WhiteElo "2628"]
[BlackElo "2434"]
[PlyCount "67"]
[EventDate "2002.10.26"]
[EventType "team-swiss"]
[EventRounds "14"]
[EventCountry "SLO"]
[SourceTitle "EXT 2003"]
[Source "ChessBase"]
[SourceDate "2002.11.25"]
[SourceVersion "1"]
[SourceVersionDate "2002.11.25"]
[SourceQuality "1"]
[WhiteTeam "Azerbaijan"]
[BlackTeam "Italy"]
[WhiteTeamCountry "AZE"]
[BlackTeamCountry "ITA"]

1. d4 d5 2. c4 c6 3. Nc3 Nf6 4. e3 a6 5. Nf3 b5 6. b3 Bg4 7. Be2 e6 8. O-O Nbd7
9. h3 Bh5 10. Bb2 Qb8 11. Ne5 Bxe2 12. Qxe2 Nxe5 13. dxe5 Nd7 14. cxd5 cxd5 15.
Rfd1 Be7 16. Qg4 g6 17. Ne2 Nxe5 18. Qf4 f6 19. e4 g5 20. Qe3 dxe4 21. Qxe4 Kf7
22. Rac1 Ra7 23. f4 gxf4 24. Nxf4 Bd6 25. Nh5 Rc7 26. Rxc7+ Qxc7 27. Qf4 Be7
28. Nxf6 Qc2 29. Nd7+ Ke8 30. Rc1 Nf3+ 31. Qxf3 Qxb2 32. Rd1 Rg8 33. Qc6 Rg5
34. Nc5+ 1-0

[Event "Olympiad-35"]
[Site "Bled"]
[Date "2002.11.02"]
[Round "8.1"]
[White "Radjabov, Teimour"]
[Black "Ponomariov, Ruslan"]
[Result "1/2-1/2"]
[WhiteElo "2628"]
[BlackElo "2743"]
[PlyCount "162"]
[EventDate "2002.10.26"]
[EventType "team-swiss"]
[EventRounds "14"]
[EventCountry "SLO"]
[SourceTitle "EXT 2003"]
[Source "ChessBase"]
[SourceDate "2002.11.25"]
[SourceVersion "1"]
[SourceVersionDate "2002.11.25"]
[SourceQuality "1"]
[WhiteTeam "Azerbaijan"]
[BlackTeam "Ukraine"]
[WhiteTeamCountry "AZE"]
[BlackTeamCountry "UKR"]

1. d4 Nf6 2. c4 e6 3. Nc3 Bb4 4. e3 O-O 5. Bd3 c5 6. Nf3 d5 7. O-O Nc6 8. a3
Bxc3 9. bxc3 Qc7 10. Bb2 dxc4 11. Bxc4 e5 12. h3 Bf5 13. Qe2 Rad8 14. Rfd1 h6
15. Ba2 Rfe8 16. Nxe5 Nxe5 17. dxe5 Qxe5 18. c4 Qe6 19. Rxd8 Rxd8 20. Rd1 Rxd1+
21. Qxd1 Qb6 22. Be5 Qa5 23. Qc1 Nd7 24. Bb2 f6 25. Qd1 Qb6 26. Qd2 Kh7 27. g4
Bg6 28. Bc3 Ne5 29. Bxe5 fxe5 30. f4 Be4 31. fxe5 h5 32. Qf2 Qd8 33. Kh2 hxg4
34. hxg4 Qg5 35. Qg3 Qh6+ 36. Kg1 Qh1+ 37. Kf2 Qd1 38. Bb3 Qd2+ 39. Kg1 g5 40.
e6 Qc1+ 41. Kf2 Qb2+ 42. Kg1 Kg6 43. e7 Qa1+ 44. Kf2 Qf6+ 45. Ke1 Qxe7 46. Bd1
Kf6 47. Qf2+ Ke6 48. Qh2 Qf6 49. Qb8 Bc6 50. Be2 Qe5 51. Qg8+ Kd7 52. Qf7+ Kd6
53. Kf2 Be4 54. Qf8+ Kc7 55. Qh6 Qe7 56. Qh8 Bc6 57. Qc3 Kb6 58. Qb2+ Ka6 59.
Qc3 Qd6 60. Ke1 b6 61. Qb2 Qg3+ 62. Kd2 Qf2 63. Qb1 Qf6 64. Qb3 Qd6+ 65. Ke1
Qg3+ 66. Kd2 Qg2 67. Ke1 Bd7 68. Qd1 Qg3+ 69. Kd2 Qe5 70. Qb1 Ka5 71. Qd3 Be6
72. Qc3+ Qxc3+ 73. Kxc3 Ka4 74. Kb2 a6 75. Bd1+ Ka5 76. Kc3 b5 77. cxb5 axb5
78. e4 b4+ 79. axb4+ cxb4+ 80. Kd4 b3 81. Bxb3 Bxb3 1/2-1/2

[Event "Olympiad-35"]
[Site "Bled"]
[Date "2002.11.04"]
[Round "9.1"]
[White "Bacrot, Etienne"]
[Black "Radjabov, Teimour"]
[Result "1-0"]
[WhiteElo "2653"]
[BlackElo "2628"]
[PlyCount "89"]
[EventDate "2002.10.26"]
[EventType "team-swiss"]
[EventRounds "14"]
[EventCountry "SLO"]
[SourceTitle "EXT 2003"]
[Source "ChessBase"]
[SourceDate "2002.11.25"]
[SourceVersion "1"]
[SourceVersionDate "2002.11.25"]
[SourceQuality "1"]
[WhiteTeam "France"]
[BlackTeam "Azerbaijan"]
[WhiteTeamCountry "FRA"]
[BlackTeamCountry "AZE"]

1. d4 Nf6 2. c4 g6 3. Nc3 Bg7 4. e4 d6 5. Nf3 O-O 6. Be2 e5 7. O-O Nc6 8. d5
Ne7 9. b4 Nh5 10. Re1 f5 11. Ng5 Nf6 12. Bf3 c6 13. Qb3 h6 14. Ne6 Bxe6 15.
dxe6 Qc8 16. Rd1 Rd8 17. b5 Qxe6 18. Ba3 Kh8 19. bxc6 Nxc6 20. exf5 gxf5 21.
Bd5 Qe7 22. Nb5 Ne8 23. Rab1 Rac8 24. Qe3 b6 25. Qf3 Qd7 26. Qh3 a6 27. Nc3 Nd4
28. Rxb6 Qe7 29. Bc1 Qf6 30. Rxa6 Nc7 31. Ra7 Qg6 32. Bb7 Rb8 33. Rd3 Qf6 34.
Qh5 f4 35. h4 d5 36. Nxd5 Nxd5 37. Bxd5 Rb1 38. Rf7 Rxc1+ 39. Kh2 Qd6 40. Qg4
Rg8 41. Rd7 Qf6 42. Bxg8 Kxg8 43. Ra3 f3 44. Ra8+ Kh7 45. Rxg7+ 1-0

[Event "Olympiad-35"]
[Site "Bled"]
[Date "2002.11.06"]
[Round "11.1"]
[White "Radjabov, Teimour"]
[Black "Ljubojevic, Ljubomir"]
[Result "0-1"]
[WhiteElo "2628"]
[BlackElo "2557"]
[PlyCount "94"]
[EventDate "2002.10.26"]
[EventType "team-swiss"]
[EventRounds "14"]
[EventCountry "SLO"]
[SourceTitle "EXT 2003"]
[Source "ChessBase"]
[SourceDate "2002.11.25"]
[SourceVersion "1"]
[SourceVersionDate "2002.11.25"]
[SourceQuality "1"]
[WhiteTeam "Azerbaijan"]
[BlackTeam "Yugoslavia"]
[WhiteTeamCountry "AZE"]
[BlackTeamCountry "YUG"]

1. d4 Nf6 2. c4 e6 3. Nf3 b6 4. Nc3 Bb7 5. a3 d5 6. cxd5 exd5 7. g3 Be7 8. Bg2
O-O 9. O-O c5 10. Qc2 Nbd7 11. Rd1 Rc8 12. Bf4 Ne4 13. Rac1 Bf6 14. Qb3 Nxc3
15. bxc3 Re8 16. Bh3 Bc6 17. Be5 Bxe5 18. Nxe5 Nxe5 19. Bxc8 Qxc8 20. dxe5 Rxe5
21. Qc2 Qe6 22. Rd2 Bb5 23. Re1 g5 24. f3 Bc4 25. e4 g4 26. Qd1 gxf3 27. Qxf3
dxe4 28. Qe3 Kg7 29. Rd8 h6 30. Rd2 Kg6 31. Rf2 Bd3 32. Qf4 Kg7 33. Re3 b5 34.
g4 a5 35. h4 b4 36. axb4 axb4 37. cxb4 cxb4 38. g5 h5 39. Rb2 Rf5 40. Qg3 b3
41. Kh2 Rc5 42. Qf2 Qe5+ 43. Kh3 Bf1+ 44. Qxf1 Qxb2 45. Qd1 Rc2 46. Qxh5 Rh2+
47. Kg4 Qg2+ 0-1

[Event "Corus"]
[Site "Wijk aan Zee"]
[Date "2003.01.12"]
[Round "2"]
[White "Bareev, Evgeny"]
[Black "Radjabov, Teimour"]
[Result "1-0"]
[WhiteElo "2729"]
[BlackElo "2624"]
[Annotator "Tsesarsky,I"]
[PlyCount "63"]
[EventDate "2003.01.11"]
[EventType "tourn"]
[EventRounds "13"]
[EventCountry "NED"]
[EventCategory "18"]
[SourceTitle "CBM 093"]
[Source "ChessBase"]
[SourceDate "2003.04.01"]
[SourceVersion "1"]
[SourceVersionDate "2003.04.01"]
[SourceQuality "1"]

1. d4 Nf6 2. c4 g6 3. Nc3 Bg7 4. e4 d6 5. Be2 O-O 6. Nf3 e5 7. O-O Nc6 8. d5
Ne7 9. b4 Nh5 10. Re1 f5 11. Ng5 Nf6 12. f3 Nh5 (12... Kh8 {-see detaoled
commented game  0-1 Ponomariov,R-Radjabov,T/Wijk aan Zee 2003/CBM 93_01
[Tsesarsky,I] (38)}) 13. c5 Nf4 14. Bc4 (14. Qb3 {-see commented game 1/2-1/2
Pelletier,Y-Smirin,I/Biel 2002/CBM 91 [Pelletier,Y](41)}) 14... Kh8 ({On} 14...
a5 {Strong reply is} 15. b5 $1 (15. bxa5 $143 Rxa5 16. cxd6 Qxd6 17. Qb3 Kh8
18. Nb5 Qf6 19. Bxf4 (19. Ne6 Bxe6 20. dxe6 fxe4 21. Rxe4 Qg5 {[%csl Rg2][%cal
Gg5g2]} 22. Qc2 $132) 19... exf4 20. Ne6 Bxe6 21. e5 Qh4 22. dxe6 Nc6 23. Rad1
Nxe5 24. Bf1 {1/2-1/2 Goloshchapov,A-Golubev,M/Ordzhonikidze 2001/CBM 86 (24)})
15... h6 16. Ne6 Bxe6 17. dxe6 dxc5 18. Qd7 $14) 15. Rb1 {[%mdl 12] Strong
novelty} (15. Ne6 {Perhps, premature jump. It's better to wait for h7-h6.} Bxe6
16. dxe6 fxe4 17. fxe4 Nc6 18. Be3 (18. cxd6 cxd6 19. Nb5 Qe7 20. Qxd6 Qg5 21.
Qd2 (21. g3 Nh3+ 22. Kg2 Rf2+ 23. Kh1 Qf6 24. Qd1 Rd8 25. Bd5 Nxb4 $17) 21...
a6 22. Nc7 (22. Nc3 Nd4 23. Kh1 Rac8 24. Bf1 Qe7 $17) 22... Nd4 23. Kh1 Rac8
$19 {0-1 Berkvens,J-Efimenko,Z/Hengelo 2001/CBM 83 ext (33)}) 18... Nd4 19. Rc1
dxc5 20. bxc5 Nfxe6 21. c6 bxc6 22. Bxe6 Nxe6 23. Qxd8 Rfxd8 24. Na4 Nd4 $17 {
1/2-1/2 Tukmakov,V-Efimenko,Z/Lausanne 2001/CBM 82 ext (37)}) (15. g3 h6 (15...
h6 {1/2-1/2 Bareev,E-Baklan,V/Moscow 2001/CBM 86 (15)}) 16. Ne6 Nxe6 17. dxe6
Nc6 18. cxd6 cxd6 19. Nb5 Bxe6 20. Bxe6 Qb6+ 21. Be3 Qxb5 22. exf5 gxf5 23. a4
Qxb4 24. Rb1 Qa3 25. Rxb7 Nd8 26. Bc1 Qc5+ 27. Be3 Qa3 28. Bc1 Qc5+ 29. Be3 Qa3
{1/2-1/2 Najer,E-Voitsekhovsky,S/St Petersburg 2002/EXT 2003 (29)}) 15... a6
16. Kh1 h6 17. Ne6 Nxe6 18. dxe6 Nc6 19. b5 Nd4 (19... axb5 20. Nxb5 dxc5 21.
Qxd8 Rxd8 22. Nxc7 $14) 20. bxa6 bxa6 21. Ba3 Re8 22. Bd5 c6 (22... Ra7 23. Rb8
$14 {[%csl Gb8][%cal Gb8h8]}) 23. cxd6 $1 {[%csl Gd6] This P became very
strong.} Bxe6 $2 $16 {White caught initiative in the opening, and Black loses
paitence.} ({Much better was} 23... cxd5 $1 24. exd5 (24. d7 Bxd7 25. exd7 Qxd7
26. Nxd5 {[%csl Ga3,Gd4,Gd5,Rg7]} Rab8 27. Qd3 $14) 24... Nxe6 (24... Nb5 25.
Nxb5 axb5 26. Qb3) 25. dxe6 Bxe6 26. Nd5 $14 {White leaves with advantage in
all cases, but position is playable for Black.}) 24. Bxe6 Rxe6 25. Bc5 $1 (25.
exf5 $143 $6 gxf5 26. Rb7 Qg5 $1 {[%cal Gg5g2,Gg5c1] Black receives certain
counterplay via g-line.} 27. Bc5 Rg6 28. Rg1 Rd8 29. d7 $14) 25... Nb5 26. Qb3
Qe8 27. Red1 Rd8 28. Nxb5 axb5 $2 $18 {[%csl Rc6] Black remains with weak Pc6.}
({Right was} 28... cxb5 $16) 29. a4 bxa4 30. Qxa4 {[%cal Gb1b7] White easily
penetrates his pieces into black camp with decisive Attack on the 7-th line.}
Bf8 (30... Qd7 31. Rb6 Rc8 32. Qb3 $18) 31. d7 Qf7 (31... Rxd7 32. Rxd7 Bxc5
33. Rbb7 Bf8 34. Qa7 $1 $18) 32. Qa5 1-0

[Event "Corus"]
[Site "Wijk aan Zee"]
[Date "2003.01.14"]
[Round "3"]
[White "Radjabov, Teimour"]
[Black "Topalov, Veselin"]
[Result "0-1"]
[WhiteElo "2624"]
[BlackElo "2743"]
[Annotator "Ribli,Z"]
[PlyCount "122"]
[EventDate "2003.01.11"]
[EventType "tourn"]
[EventRounds "13"]
[EventCountry "NED"]
[EventCategory "18"]
[SourceTitle "CBM 093"]
[Source "ChessBase"]
[SourceDate "2003.04.01"]
[SourceVersion "1"]
[SourceVersionDate "2003.04.01"]
[SourceQuality "1"]

1. d4 {Ftacnik} Nf6 2. c4 e6 3. Nf3 d5 4. g3 Bb4+ {Dieses Läuferschach ist
sehr populär in der letzten Zeit - Schwarz möchte die geschlossene Variante
spielen und verhindert die normale Entwicklung des weißen Läufers nach b2.} 5.
Bd2 Be7 6. Bg2 O-O 7. O-O c6 8. Qc2 b6 9. Bf4 {Wäre der Läufer auf c1, könnte
Weiß b3 und Bb2 spielen.} Ba6 10. Nbd2 Nbd7 11. Rfd1 Rc8 12. Rac1 Nh5 $11 {
Schwarz hat eine bequeme Stellung.} 13. e4 $6 {Ftacnik: 'Combination of giving
up the bishop on f4 for the knight a activity with e4 is very unfortunate, the
square f4 will be very weak.' Weiß geht nicht zurück - er hat keine Angst vor
der Schwächung seiner Bauernstellung.} (13. Be3 f5 14. Qa4 Nb8 15. Ne5 f4 16.
gxf4 Nxf4) 13... Nxf4 14. gxf4 Nf6 $5 {[%cal Gf6h5,Gh5f4]} (14... dxe4 15. Nxe4
Qc7 $11) 15. Ne5 (15. e5 Nh5 16. f5 Nf4 $36) 15... Nh5 $1 {Schwarz beschäftigt
sich nicht mit dem Damenflügel, er möchte am Königsflügel angreifen.} (15...
Bb7 16. f5 $13) 16. Qa4 Bxc4 17. Nxc6 (17. Ndxc4 b5 18. Qa6 bxc4 19. Nxc6 Rxc6
20. Qxc6 Nxf4 {Mit Zugumstellung erhalten wir die Partiefortsetzung.}) 17... b5
18. Qa6 {[#]} Rxc6 $1 {[%mdl 512] Ftacnik: 'Topalov has a clearly defined
atitude towards material on the board, initiative and positional compensation
have a distinct preference with him.'  Ein positionelles Qualitätsopfer a la
Petrosian. Nachfolgend erhält Schwarz dafür eine dauerhafte Initiative.} (18...
Qd6 19. exd5 $13 (19. Nxe7+ Qxe7 20. Nxc4 Nxf4 $19)) 19. Qxc6 Nxf4 {[%csl Gf4]
[%cal Gf4e2,Ge2g1,Ge2c1] Der Springer steht ausgezeichnet auf f4.} 20. Nxc4
bxc4 $1 $44 (20... Ne2+ 21. Kf1 Nxc1 22. exd5 Nxa2 23. Qxb5 Nb4 $13) 21. exd5
exd5 22. Rc3 (22. Bf3 Bh4 23. Rc2 Qg5+ 24. Kf1 Qf5 $36) 22... Bh4 $1 {[%cal
Gd8g5] Mit diesem Zug bereitet Schwarz 23...Qg5 vor.} 23. Rg3 (23. Kf1 Nxg2 24.
Kxg2 Qg5+ 25. Rg3 (25. Kf1 Qf4 $19) 25... Bxg3 26. hxg3 Qg4 $17) (23. Rf3 Qg5
24. Rxf4 Qxf4 25. Rf1 $17) 23... Re8 $5 {Ftacnik: 'There are very few mere
mortals, that would be able to resist the temptation to take back the exchange
and play without any risk. Obviously, Topalov is from a different sort... ' 
Interessant - Schwarz möchte die Qualität nicht nehmen.} (23... Bxg3 24. hxg3
Nxg2 25. Kxg2 Re8 $17) 24. Rg4 Re6 25. Qc5 Nxg2 26. Rxg2 a6 $15 {[%csl Rd4,Rg2,
Gh4][%mdl 1024] Schwarz hat nur einen Bauern für die Qualität, aber dafür
völlig ausreichendes Gegenspiel - der Pd4 ist angreifbar und der Rg2 steht
passiv. Schwarz kann seine Stellung stufenweise verbessern, weil Weiß kein
Gegenspiel hat.} 27. Qa3 g6 {Schwarz verbessert mit kleinen Zügen seine
Stellung, bevor er eine entscheidende Aktion einleitet.} 28. Qc3 Qe7 {[%cal
Ge7e2]} 29. b3 Qa3 (29... cxb3) 30. Qc2 Qe7 {Schwarz wiederholt die Züge in
besserer Stellung - auf diese Weise kann er Bedenkzeit gewinnen.} 31. Kf1 (31.
Qc3 cxb3 32. Qxb3 (32. axb3) 32... Qd6 $15) 31... cxb3 32. Qxb3 (32. axb3 $15)
32... Qd6 33. Qd3 (33. Qf3 Re4 $15) 33... Qf4 {[%csl Ge6,Rf1,Gf4,Rg2,Gh4]
Ftacnik: 'White is lacking counterplay and squares for pieces, on the other
hand he can not complain about the lack of weaknesses.'} 34. Qd2 Qf5 35. Qd3
Re4 $1 (35... Qf4) 36. Qb3 Kg7 37. Qd3 h5 38. Qb3 Bf6 39. Rg3 (39. Qc3 Qf4 $15
(39... h4 $15)) 39... Rf4 $1 {Schwarz kann auch sofort den d-Bauern nehmen,
aber zuerst erhöht er lieber den positionellen Druck.} (39... Bxd4 $17) (39...
Rxd4 $17) 40. Qe3 h4 {[%csl Gh4] Der schwarze h-Bauern kommt sehr stark ins
Spiel.} 41. Rg2 Rf3 42. Qe2 a5 43. Kg1 Rf4 44. Kh1 Re4 45. Qf1 a4 (45... Rxd4
46. Rxd4 Bxd4 $17) 46. Rd2 Bxd4 $17 {Endlich Schwarz nimmt den d4-Bauern.} 47.
Qd1 Be5 {[%cal Ge4b4,Gb4b1,Gb1h1]} 48. f3 (48. Rxd5 h3 49. Rg1 Qf4 50. Rg3 Qxf2
$19) 48... Rb4 {[%cal Rb4b1,Rb1h1] Ftacnik: 'Black has two pawn for the
exchange and also control over the most squares on the board. In connection
with mating attack it makes him the obvious winner of the game.'} 49. Rd3 h3
50. Re2 d4 51. Rf2 Bf4 52. Qe2 Rb1+ 53. Rd1 d3 $19 {[%csl Gd3,Gf4] Der d-Bauer
entscheidet die Partie.} 54. Qf1 Rxd1 55. Qxd1 d2 56. Re2 Qd3 57. Rf2 (57. Re4
Qc3 $19) 57... Be3 58. Rf1 Bd4 59. a3 Kg8 $22 {Nach diesem Zug befindet sich
Weiß in Zugzwang.} 60. f4 Qe4+ 61. Rf3 Bf2 $1 {Diese Partie war die beste in
der 3. Runde.} 0-1

[Event "Corus"]
[Site "Wijk aan Zee"]
[Date "2003.01.15"]
[Round "4"]
[White "Van Wely, Loek"]
[Black "Radjabov, Teimour"]
[Result "1/2-1/2"]
[WhiteElo "2668"]
[BlackElo "2624"]
[PlyCount "160"]
[EventDate "2003.01.11"]
[EventType "tourn"]
[EventRounds "13"]
[EventCountry "NED"]
[EventCategory "18"]
[SourceTitle "CBM 093"]
[Source "ChessBase"]
[SourceDate "2003.04.01"]
[SourceVersion "1"]
[SourceVersionDate "2003.04.01"]
[SourceQuality "1"]

1. d4 e6 2. c4 f5 3. g3 Nf6 4. Bg2 d5 5. Nf3 c6 6. O-O Bd6 7. b3 Qe7 8. Ne5
Nbd7 9. Bb2 Ne4 10. f3 Nef6 11. e3 O-O 12. Nd2 g5 13. e4 f4 14. Nxd7 Nxd7 15.
Qe1 Rf7 16. Bh3 Nf8 17. Kh1 Ng6 18. e5 Bc7 19. Rg1 Bd7 20. a4 Ba5 21. Ba3 Bb4
22. Bxb4 Qxb4 23. gxf4 Nxf4 24. Rxg5+ Kh8 25. Bf1 Qc3 26. Rd1 Raf8 27. Qf2 c5
28. cxd5 Nxd5 29. Ne4 Qxb3 30. Rd3 Qb1 31. Nxc5 Bc6 32. Rg3 Nf4 33. Rb3 Qd1 34.
Rg1 Rg8 35. Bg2 Nh3 36. Bxh3 Rxf3 37. Rxf3 Bxf3+ 38. Bg2 Rxg2 39. Rxd1 Rxf2+
40. Kg1 Rg2+ 41. Kf1 Rxh2 42. Rd3 Bd5 43. Rg3 Rh6 44. Nd7 Rg6 45. Rc3 Bc6 46.
Nf6 Kg7 47. a5 a6 48. Kf2 Rg2+ 49. Kf1 Rg5 50. Kf2 h6 51. Rh3 Rg2+ 52. Ke3 Ra2
53. Rg3+ Kf7 54. Ng4 Ra3+ 55. Kf4 Rxg3 56. Kxg3 Kg6 57. Kf4 b6 58. axb6 a5 59.
Ne3 a4 60. Nc4 Bd5 61. Kg4 h5+ 62. Kf4 Bg2 63. Kg3 Ba8 64. Kf4 Bb7 65. Na3 Bg2
66. Kg3 Bc6 67. Kf4 Ba8 68. Nb5 Bc6 69. Na3 Kf7 70. Kg5 Ke7 71. Kxh5 Kd7 72.
Kg5 Bd5 73. Kf4 Kc6 74. Ke3 Kxb6 75. Kd3 Ka5 76. Kc3 Bb3 77. Nb1 Kb5 78. Na3+
Kc6 79. Kb4 Kd5 80. Kc3 Kc6 1/2-1/2